Welcome to WEB OPAC of MRSPTU Central Library

Principles of Electrical Engineering and electronics (Record no. 6626)

MARC details
000 -LEADER
fixed length control field 00470nam a2200181Ia 4500
008 - FIXED-LENGTH DATA ELEMENTS--GENERAL INFORMATION
fixed length control field 230711s9999||||xx |||||||||||||| ||und||
020 ## - INTERNATIONAL STANDARD BOOK NUMBER
International Standard Book Number 978-81-219-4298-0
041 ## - LANGUAGE CODE
Language code of text/sound track or separate title ENG
082 ## - DEWEY DECIMAL CLASSIFICATION NUMBER
Classification number 621.3
Item number ME-P
100 ## - MAIN ENTRY--PERSONAL NAME
Personal name Mehta,V.K
245 #0 - TITLE STATEMENT
Title Principles of Electrical Engineering and electronics
250 ## - EDITION STATEMENT
Edition statement 1st Ed.
260 ## - PUBLICATION, DISTRIBUTION, ETC.
Date of publication, distribution, etc. 2013
Place of publication, distribution, etc. New Delhi
Name of publisher, distributor, etc. S.Chand & Company Ltd
300 ## - PHYSICAL DESCRIPTION
Extent 939p.
650 ## - SUBJECT ADDED ENTRY--TOPICAL TERM
Topical term or geographic name entry element Electrical Engineering
700 ## - ADDED ENTRY--PERSONAL NAME
Personal name Mehta,Rohit
942 ## - ADDED ENTRY ELEMENTS (KOHA)
Koha item type Book
Holdings
Withdrawn status Lost status Damaged status Not for loan Collection Home library Current library Date acquired Source of acquisition Cost, normal purchase price Inventory number Total checkouts Full call number Barcode Date last seen Price effective from Koha item type Date last checked out
          MRSPTU Central Library MRSPTU Central Library 08/04/2043 Krishna Book Distributors 780.00 KBD/2017-2018/1019143059   621.3 ME-P 39346 08/17/2023 08/17/2023 Book  
          MRSPTU Central Library MRSPTU Central Library 08/04/2043 Krishna Book Distributors 780.00 KBD/2017-2018/1019143059   621.3 ME-P 39347 08/17/2023 08/17/2023 Book  
          MRSPTU Central Library MRSPTU Central Library 08/04/2043 Krishna Book Distributors 780.00 KBD/2017-2018/1019143059 6 621.3 ME-P 39348 05/26/2025 08/17/2023 Book 01/31/2025
          MRSPTU Central Library MRSPTU Central Library 08/04/2043 Krishna Book Distributors 780.00 KBD/2017-2018/1019143059 9 621.3 ME-P 39349 05/20/2025 08/17/2023 Book 05/08/2025
          MRSPTU Central Library MRSPTU Central Library 08/04/2043 Krishna Book Distributors 780.00 KBD/2017-2018/1019143059 8 621.3 ME-P 39350 11/08/2024 08/17/2023 Book 10/21/2024

Website Designed and Developed by MRSPTU Central Library Team

E-mail Id: librarian@mrsptu.ac.in